Statistics for Name the country from an iconic native animal

Click here to take the quiz!

General Stats

  • This quiz has been taken 32 times
  • The average score is 11 of 12

Answer Stats

Answer% Correct
Kangaroo - Australia
100%
Panda - China
100%
Tiger - India
100%
Bald Eage - USA
96%
Brown Bear - Russia
96%
Corgi - England
96%
Moose - Canada
93%
Blue Macaw - Brazil
89%
Lemur - Madagascar
89%
Poodle - France
75%
Sheep - New Zealand
75%
Bull - Spain
43%

Score Distribution

Percentile by Number Answered

Percent of People with Each Score

Your Score History

You have not taken this quiz